1793 1365 1844 1256 1417 1549 1228 1936 1218 1327 1036 1842 1053 1696 1661 1194 1007 1532 1101 1910 1080 1841 1030 1465 1175 1973 1351 1694 1208 1231 1380 1323 1985 1238 1644 1605 1607 1034 1222 1887 1291 1610 1673 1046 1694 1751 1704 1461 1930 1774 1848 1298 1825 1092 1832 1443 1838 1765 1357 1391 1090 1125 1216 1481 1286 1719 1634 1588 1349 1504 1659 1302 1000 1006 1880 1409 1540 1763 1121 1902 1500 1540 1637 1592 1808 1166 1044 1963 1536 1403 1366 1385 1346 1662 1392 1875 1183 1024 1543 BCNSPRNW ULIB Ver.6.0+V

เปลี่ยนเป็นภาษาไทย

Change to English
 แสดงรายละเอียดบรรณานุกรม
  กลับหน้าหลัก

Brief Record : Get Marc (ISO 2709) : E-mail record : QR code < ปิดหน้าต่าง
LEADER : 00000nas 2200000uu 4500
001    13399125114
003     ULIB
008    020711s|||| th a 000 0 tha d
110    กระทรวงสาธารณสุข
245    วารสารวิชาการR2Rแห่งประเทศไทย/^cกระทรวงสาธารณสุข
260    นนทบุรี :^bกระทรวงสาธารณสุข,^cม.ป.ป.
310    ^aราย 6 เดือน
850 ^a ULIB^bปีที่ 1 ฉบับที่ 1 ฉ.1
945    ^p0^l0^i903940
รายการนี้ยังไม่มีแท็ก
คุณยังไม่ได้ล็อกอิน คุณสามารถมีกิจกรรมร่วมกับเว็บไซต์ได้ แต่ต้องล็อกอินก่อน ::
  ล็อกอิน

รายการสื่อสารสนเทศ (วารสาร)

ดูแบบ: กล่อง รายการ
ARRIVED
ปีที่ 1 ฉบับที่ 1 ฉ.1
สถานที่: ห้องสมุดวิทยาเขตสวรรค์ประชารักษ์ >วารสาร

BibComment


ยังไม่เคยถูกคอมเมนท์

คอมเมนท์ทรัพยากรรายการนี้
  คอมเมนท์: วารสารวิชาการR2Rแ..


 Copyright 2026. Bcnsprnw @Library